Fikir ve san'atta hareket aylık dergi (Record no. 11504)

MARC details
000 -BAŞLIK
Sabit Uzunlukta Kontrol Alanı 00837na a2200289 4500
001 - KONTROL NUMARASI
Denetim Alanı 21898
003 - KONTROL NUMARASI IDENTIFIER
Denetim Alanı MIRAKIL
005 - SON İŞLEM TARİHİ VE ZAMANI
Denetim Alanı 20181226092846.0
008 - SABİT-BOY VERİ ELEMANLARI - GENEL BİLGİLER
Sabit Uzunlukta Kontrol Alanı 170208b tu n0 0 0
035 ## - SİSTEM KONTROL NUMARASI
Sistem Kontrol Numarası 20918
040 ## - KATALOGLAMA KAYNAK
Orijinal Kataloglama Ajansı Milas
Kataloglama Dili tur
Metne Dönüştürmek Ajansı TR-AnCHP
041 ## - DİL KODU
Metin / Ses Parça Veya Ayrı Başlığın Dil Kodu tur
090 ## - SINIFLAMA NUMARASI
Sınıflama Numarası 050 DER 46
245 ## - BAŞLIK TABLOSU
Başlık Fikir ve san'atta hareket aylık dergi
Başlığın Kalan aylık dergi
Sorumluluk Tablosu, Vb [hazırlayan] Nurettin Topçu
246 ## - UNVAN FORM VARYING
Başlık Doğru / Kısa Başlığı Fikir ve sanatta hareket dergi
246 ## - UNVAN FORM VARYING
Başlık Doğru / Kısa Başlığı Fikir ve sanatta hareket
260 ## - YAYIN, DAĞITIM, VB
Yayın, Dağıtım, Vb Yeri İstanbul
Yayın, Dağıtım, Vb Tarihi 1966-
300 ## - FİZİKSEL TANIM
Kapsam c.
Diğer Fiziksel Ayrıntıları res.
Boyutlar 28 sm.
362 ## - YAYIN VE / VEYA SIRALI GÖREVLENDİRİLMESİNE TARİHLERİ
Yayın Ve / Veya Ardışık Kullanım Amacı Tarihleri Sayı 25 (Ocak 1968) -35 (Kasım 1968)
650 ## - KONU KATMA GİRİŞ - TOPİKAL DÖNEM
Topikal Süreli Veya Coğrafi Ad Giriş Elemanı Edebiyat
Form Alt Bölümü Süreli yayınlar
650 ## - KONU KATMA GİRİŞ - TOPİKAL DÖNEM
Topikal Süreli Veya Coğrafi Ad Giriş Elemanı Kültür
Form Alt Bölümü Süreli yayınlar
650 ## - KONU KATMA GİRİŞ - TOPİKAL DÖNEM
Topikal Süreli Veya Coğrafi Ad Giriş Elemanı Felsefe
Form Alt Bölümü Süreli yayınlar
650 ## - KONU KATMA GİRİŞ - TOPİKAL DÖNEM
Topikal Süreli Veya Coğrafi Ad Giriş Elemanı Sanat
Form Alt Bölümü Süreli yayınlar
910 ## - KULLANICI SEÇENEK, VERİLERİN (OCLC)
Kullanıcı Seçenek Veri DERGİ 46
942 ## - EKLENDİ GİRİŞ ELEMANLARI (KOHA)
Sınıflandırma Veya Raf Düzeni Kaynak Dewey Decimal Classification
Koha Öğesi Türü Serials
999 ## - SİSTEM KONTROL NUMARALARI (KOHA)
Koha Biblionumber 11504
Koha Biblioitemnumber 11504
310 ## - MEVCUT YAYIN FREKANSI
Güncel Yayın Frekansı Aylık
Holdings
Kullanım Kısıtlamaları Kalıcı Konum Mevcut Konum Edinme Tarihi Kodlu Konum Eleme Toplam Check-Out'Lar Tam Çağrı Numarası Barkod Tarih Son Görülme İtibaren Geçerli Fiyatlar Sigara Kamu Notu Koha Öğesi Türü
Kütüphane dışına çıkarılamaz CHP Kütüphanesi CHP Kütüphanesi 02/08/2017 SÜRELİ YAYINLAR   050 DER 140 D046 02/08/2017 02/08/2017 Ciltli Serials